Science Quiz

Random Science or Discovery Quiz

Ancient Elements Quiz Stats

 Plays Quiz Updated Dec 22, 2011

Challenge
Share
Tweet
Embed
Score 0/13 Timer 02:00
6 Plays Today
Ancient Elements % Correct
Gold
93.7%
Silver
91.9%
Iron
79.5%
Copper
78.4%
Carbon
69.4%
Tin
67.2%
Lead
67.1%
Mercury
53.2%
Zinc
43.4%
Sulfur
38.8%
Arsenic
23.3%
Antimony
17.4%
Bismuth
10.4%

You're not logged in!

Compare scores with friends on all Sporcle quizzes.
OR
Log In

You Might Also Like...

Show Comments

Extras

Top Quizzes Today


Score Distribution

Your Account Isn't Verified!

In order to create a playlist on Sporcle, you need to verify the email address you used during registration. Go to your Sporcle Settings to finish the process.

Report this User

Report this user for behavior that violates our Community Guidelines.

Details: